| 000 | 01066cam a2200349 i 4500 | ||
|---|---|---|---|
| 001 | 65515 | ||
| 003 | Mx-PuUPA | ||
| 005 | 20230925123906.0 | ||
| 008 | 160614s2010 sp gr 000 0 spa d | ||
| 017 | _aB - 5.029 - 2010 | ||
| 020 | _a9788425426599 | ||
| 040 |
_aMx-PuUPA _bspa _cMx-PuUPA _dMx-PuUPA _erda |
||
| 041 | 0 | _aspa | |
| 100 | 1 |
_aMelich, Joan-Carles, _d1961- _eautor _92066 |
|
| 245 | 1 | 0 |
_aÉtica de la compasión / _cJoan-Carles Mèlich. |
| 250 | _aPrimera edición | ||
| 264 | 1 |
_aBarcelona : _bHerder Editorial, _c©2010 |
|
| 300 |
_a317 páginas ; _c22 cm |
||
| 336 |
_atexto _2rdacontent _btxt |
||
| 337 |
_asin medio _2rdamedia _bn |
||
| 338 |
_avolumen _2rdacarrier _bnc |
||
| 545 | 1 | _aReimpresiones: (2a). | |
| 650 | 7 |
_aEmociones _xAspectos éticos _2armarc |
|
| 650 | 7 |
_aBien y mal _2armarc |
|
| 650 | 7 |
_aLibertad _2armarc |
|
| 650 | 7 |
_aDignidad _2armarc |
|
| 650 | 7 |
_aÉtica _2armarc |
|
| 650 | 7 |
_aAntropología filosófica _2armarc |
|
| 942 |
_2ddc _cLI _h171.2 _iM517 |
||
| 999 |
_c65515 _d65515 |
||